| 000 | 00526nam a22002177a 4500 | ||
|---|---|---|---|
| 003 | OSt | ||
| 005 | 20140310184457.0 | ||
| 008 | 131011t xxu||||| |||| 00| 0 eng d | ||
| 020 | _a9780590897518 | ||
| 050 |
_aHD 7262.5 _b.U6E54 1998 |
||
| 245 |
_aThe Most Danger Jobs In the USA _cJune English |
||
| 260 |
_aUnited State: _bScholastics _c1998 |
||
| 521 | _aG5 | ||
| 526 | _c720 | ||
| 942 |
_2lcc _cBK-SCHOLAS |
||
| 999 |
_c34675 _d34675 |
||